[Event "RLP Seniors op 17th"]
[Site "Neustadt an der Weinstrasse"]
[Date "2019.07.26"]
[Round "7"]
[White "Hetzer, Margarete"]
[Black "Schwenke, Norbert"]
[Result "0-1"]
[WhiteElo "1375"]
[BlackElo "1584"]
[PlyCount "98"]
[EventDate "2019.07.20"]
[EventType "swiss"]
[EventRounds "9"]
[EventCountry "GER"]
[SourceTitle "CBM 192 Extra"]
[Source "Chessbase"]
[SourceDate "2019.11.06"]
[SourceVersion "1"]
[SourceVersionDate "2019.11.06"]
[SourceQuality "1"]

1. d4 Nf6 2. Nf3 e6 3. c4 b6 4. e3 c5 5. d5 d6 6. Nc3 a6 7. a4 Be7 8. g3 0-0 9. Bg2 e5 10. Nd2 Bg4 11. Qc2 Nbd7 12. h3 Bf5 13. Qxf5 Ne8 14. Be4 g6 15. Qf3 f5 16. Bc2 Ng7 17. e4 Rf7 18. Nf1 Qf8 19. Qe2 Rc8 20. a5 bxa5 21. Rxa5 Ra8 22. Ba4 Bd8 23. Bc6 Bxa5 24. Bxa8 Qxa8 25. Ne3 fxe4 26. 0-0 Nf6 27. f3 Bxc3 28. bxc3 Qc8 29. Ng4 Nf5 30. Kg2 Nh5 31. Nh6+ Nxh6 32. Bxh6 exf3+ 33. Rxf3 Qe8 34. Qf2 e4 35. Rxf7 Qxf7 36. Qe3 Qf3+ 37. Qxf3 exf3+ 38. Kxf3 Nf6 39. g4 a5 40. Bg5 Kf7 41. Bc1 a4 42. Kf4 Kg7 43. g5 Nd7 44. Kg4 Ne5+ 45. Kf4 Nxc4 46. h4 Nb6 47. Ke4 Nc4 48. Kf4 Ne5 49. h5 Nd3+ 0-1

[Event "Rheinland Pfalz op 11th"]
[Site "Weilerbach"]
[Date "2019.06.23"]
[Round "7"]
[White "Hetzer, Margarete"]
[Black "Pittner Fleck, Michael"]
[Result "0-1"]
[WhiteElo "1032"]
[BlackElo "1542"]
[PlyCount "54"]
[EventDate "2019.06.20"]
[EventType "swiss"]
[EventRounds "7"]
[EventCountry "GER"]
[SourceTitle "CBM 191 Extra"]
[Source "ChessBase"]
[SourceDate "2019.09.30"]
[SourceVersion "1"]
[SourceVersionDate "2019.09.30"]
[SourceQuality "1"]

1. d4 e6 2. Nf3 Nf6 3. g3 c5 4. c4 d5 5. e3 b6 6. b3 Bb7 7. Bg2 Be7 8. Nbd2 0-0 9. 0-0 Nc6 10. a3 cxd4 11. exd4 Ne4 12. Ne5 Nxe5 13. dxe5 Nxd2 14. Bxd2 Rb8 15. Re1 dxc4 16. bxc4 Bxg2 17. Kxg2 Qc7 18. Qg4 Qc6+ 19. Re4 f5 20. exf6 Rxf6 21. Bg5 Rg6 22. h4 h5 23. Qf4 Rf8 24. Qe3 Bc5 25. Qe2 Rxf2+ 26. Qxf2 Bxf2 27. Kxf2 Qxe4 0-1

[Event "Rheinland Pfalz op 11th"]
[Site "Weilerbach"]
[Date "2019.06.22"]
[Round "5"]
[White "Hetzer, Margarete"]
[Black "Englert, Andreas"]
[Result "1-0"]
[WhiteElo "1032"]
[BlackElo "1379"]
[PlyCount "79"]
[EventDate "2019.06.20"]
[EventType "swiss"]
[EventRounds "7"]
[EventCountry "GER"]
[SourceTitle "CBM 191 Extra"]
[Source "ChessBase"]
[SourceDate "2019.09.30"]
[SourceVersion "1"]
[SourceVersionDate "2019.09.30"]
[SourceQuality "1"]

1. d4 Nf6 2. Nf3 d5 3. g3 e6 4. Bg2 Be7 5. 0-0 Nc6 6. Be3 0-0 7. b3 b6 8. c4 Bb7 9. Nc3 dxc4 10. bxc4 Rb8 11. a3 Na5 12. Ne5 Bxg2 13. Kxg2 Nd7 14. Rb1 Nxe5 15. dxe5 Nxc4 16. Bc1 Nxe5 17. h3 Qxd1 18. Rxd1 Rfd8 19. a4 Rxd1 20. Nxd1 h6 21. Nc3 c6 22. a5 b5 23. Be3 a6 24. Bf4 Bf6 25. Ne4 Rd8 26. Nxf6+ gxf6 27. Bxe5 fxe5 28. e3 c5 29. Kf3 c4 30. Ke4 f6 31. f4 exf4 32. gxf4 f5+ 33. Ke5 Kf7 34. e4 fxe4 35. Kxe4 Kf6 36. Rf1 Rd5 37. f5 exf5+ 38. Kxd5 c3 39. Kc5 Kg5 40. Kb6 1-0